logo

Bir Sreshtho Munshi Abdur Rouf Library
Jhenaidah Cadet College

Bangladesh Genocide and World Press / (Record no. 4785)

MARC details
000 -LEADER
fixed length control field 00604nam a2200217 a 4500
001 - CONTROL NUMBER
JCCL Control Number 4785
003 - CONTROL NUMBER IDENTIFIER
JCCL marc code BD-JhCC
005 - DATE AND TIME OF LATEST TRANSACTION
control field 20171203172120.0
008 - FIXED-LENGTH DATA ELEMENTS--GENERAL INFORMATION
fixed length control field 171203s1972 bg |||| ||a| 000 0 eng d
035 ## - SYSTEM CONTROL NUMBER
system control number (BD-JhCC)4785
040 ## - CATALOGING SOURCE
Original cataloging agency BD-JhCC
Modifying agency BD-JhCC
041 ## - LANGUAGE CODE
Language code of Book eng
082 ## - DEWEY DECIMAL CLASSIFICATION NUMBER
Classification number 301.15439549205
Author mark and Year QUA 1972
100 ## - MAIN ENTRY--PERSONAL NAME
Personal name Quaderi, Fazlul Quader
245 ## - TITLE STATEMENT
Title Bangladesh Genocide and World Press /
Statement of responsibility, etc Fazlul Quader Quaderi
260 ## - PUBLICATION, DISTRIBUTION, ETC. (IMPRINT)
Place of publication, distribution, etc Dacca :
Name of publisher, distributor, etc Begum Dilafroz Quaderi,
Date of publication, distribution, etc 1972.
300 ## - PHYSICAL DESCRIPTION
Pagination 455 p. :
Dimensions 22 cm.
650 ## - SUBJECT ADDED ENTRY--TOPICAL TERM
Topical term or geographic name as entry element Public Opinion
Geographic subdivision Bangladesh
General subdivision Atrocitied
942 ## - ADDED ENTRY ELEMENTS (KOHA)
Source of classification or shelving scheme Dewey Decimal Classification
Koha item type Books
Holdings
Source of classification or shelving scheme Damaged status Not for loan Home library Current library Shelving location Date of accession Cost, normal purchase price Total Checkouts Full call number Barcode Date last seen Copy number Koha item type
Dewey Decimal Classification     JCC Rouf Library JCC Rouf Library General Stacks 12/03/2017 22.00   301.15439549205 QUA 1972 6750 12/03/2017 C- 1 Books

JCC Library | Contacts | JCC Home

Last Update on 23 September 2017
Copyright @ 2017-2020 JCC Rouf Library
Rouf Library, Jhenidah Cadet College (JCC), Bangladesh